| 000 | 01372nam a2200361 i 4500 | ||
|---|---|---|---|
| 001 | 12688399 | ||
| 003 | EG-ScBUE | ||
| 005 | 20230405105753.0 | ||
| 008 | 020228s2003 mau f b 001 0 eng d | ||
| 020 | _a9780631227083 (pbk. : alk. paper) | ||
| 035 | _a(DLC) 2002018490 | ||
| 035 | _a(DLC)4393 | ||
| 040 |
_aDLC _beng _erda _cDLC _dDLC _dEG-ScBUE |
||
| 082 | 0 | 4 |
_a709.04 _222 _bART |
| 245 | 0 | 0 |
_aArt in theory, 1900-2000 : _ban anthology of changing ideas / _cedited by Charles Harrison and Paul Wood. |
| 250 | _aNew edition. | ||
| 264 | 1 |
_aMalden, MA : _bBlackwell Publishing, _c2003. |
|
| 300 |
_axxvii, 1258 pages ; _c26 cm |
||
| 336 |
_2rdacontent _atext _btxt |
||
| 337 |
_2rdamedia _aunmediated _bn |
||
| 338 |
_2rdacarrier _avolume _bnc |
||
| 500 | _aRev ed. of: Art in theory, 1900-1990. 1993. | ||
| 504 | _aIncludes bibliographical references and index. | ||
| 650 | 7 |
_aArt, Modern _y20th century _xPhilosophy. _2BUEsh |
|
| 653 |
_bART _cApril2023 |
||
| 655 | _vReading book | ||
| 700 | 1 |
_aHarrison, Charles, _d1942-2009, _eeditor. |
|
| 700 | 1 |
_aWood, Paul, _eeditor. |
|
| 730 | 0 | _aArt in theory, 1900-1990. | |
| 906 |
_a7 _bcbc _corignew _d1 _eocip _f20 _gy-gencatlg |
||
| 942 |
_2ddc _cBB |
||
| 999 |
_c30272 _d30243 |
||